000 00464nam a22001817a 4500
005 20230821104927.0
008 230817b |||||||| |||| 00| 0 eng d
020 _a0-7234-1834-9
041 _aeng
082 _a616.8 DOW-C
100 _aDOWNIE, PATRICIA A.
_98092
245 _aCASH'S TEXTBOOK OF NEUROLOGY FOR PHYSIOTHERAPISTS
250 _a4 TH ED.
260 _aNEW DELHI
_bJAYPEE BROTHERS
_c1992
300 _a653; p
650 _aBPT
_98093
942 _cBK
999 _c8381
_d8379